00497nam a2200193 a 4500001001300000003000900013005001700022008004100039020001000080082001600090100001900106245004400125260003000169300000900199500003500208505001900243650002200262700001900284nice12345678IN_TiNIC20260116011808.0050524s0000 egya grp 000 0 ara  ac10000a269.2bZWE2 aZwemer, Samuel aTariqul Muhibbin Ila Qoloobul Muslamin. aEgyptbMatba-E-Neelc0000 a102p aincludes index and biblioraphy2 aReserve copies aEvangelistic Work1 aZwemer, Samuel